000 01012pam a2200289 a 4500
999 _c7441
_d7441
001 1524002
003 OSt
005 20211111102305.0
008 900130s1990 enkaf b 001 0 eng
010 _a 90006814
020 _a0080379532 :
_c$35.00 (U.S.)
020 _a075062759x
_c$18.00 (U.S.)
040 _aDLC
_cMUST
_dDLC
050 0 0 _aGC150.5
_b.P52 1990
082 0 0 _a551.46PIC 1990
_220
100 1 _aPickard, George L.
_915251
245 1 0 _aDescriptive physical oceanography :
_ban introduction /
_cby George L. Pickard and William J. Emery.
250 _a5th enl. ed. (in SI units).
260 _aOxford ;
_aNew York :
_bPergamon Press,
_c1990.
300 _axv, 320 p., [5] p. of plates :
_bill. ;
_c24 cm.
504 _aIncludes bibliographical references (p. 301-312) and index.
650 0 _aOceanography.
_915252
700 1 _aEmery, William J.
_915253
906 _a7
_bcbc
_corignew
_d1
_eocip
_f19
_gy-gencatlg
942 _2lcc
_cO_SHELF